| 000 | 00908 a2200169 4500 | ||
|---|---|---|---|
| 003 | Nust | ||
| 005 | 20230120103221.0 | ||
| 040 | _cNust | ||
| 082 | _a808.83,BEL | ||
| 100 |
_aBell,Neil _9107214 |
||
| 245 |
_aThe Desperate Pursuit / _cNeil Bell |
||
| 260 |
_aLondon _bCollins _c1941; |
||
| 300 | _a318:p | ||
| 505 | _aA Plot of English Earth (Page-11), Concerning Robert Selby (Page-28), Family feuds and Friendships (Page-46), Our World is Enlarged (Page-66), Andrew Gowett and Martin Penrose (Page-92), Sr. James’s fair Dunwich (Page-102), Fall into Sin (Page-127), We Assist at an Exodus (Page-151), Life and Death (Page-164), The Wreck (Page-182), We Make up our Minds (Page-215), A Strange Turn (Page-228), Concerning Myself and Another (Page-247), Seven Years (Page-257), Voyage of the “Mary Anne” (Page-275), Sourthwold and Southold (Page-303). | ||
| 650 |
_aNovel _92525 |
||
| 942 |
_2ddc _cBK |
||
| 999 |
_c186801 _d186801 |
||